000 01110nam a22003377a 4500
003 CHAP
005 20220329143726.0
008 110418s1987 ar a r 00010 spa d
010 _a100975
011 _a101947
020 _a9505043953
035 _a112635
040 _cCHAP
082 0 4 _a581.69
_bG13 1987
100 1 _aGallo, Guillermo G.
_944457
245 1 0 _aPlantas tóxicas para el ganado en el cono sur de América
_c/por Guillermo G. Gallo
250 _a2 ed.
260 _aBuenos Aires :
_bHemisferio Sur,
_c1987
300 _a78 p. :
_bcuadros, gráfs.
590 _aBATCH-UPD
_b10
_c20130110
_lUCH01
_h1549
590 _aBATCH-UPD
_b10
_c20130410
_lUCH01
_h0948
590 _aBATCH-UPD
_b10
_c20130914
_lUCH01
_h0739
590 _aCONVERSION
_b10
_c20130109
_lUCH01
_h1356
650 1 4 _aBotánica
_xAmérica del Sur.
_914486
650 1 4 _aPastizales
_xAmérica del Sur.
_985919
650 1 4 _aPlantas venenosas para el ganado.
_989093
650 1 4 _aPlantas venenosas.
_989092
901 _aBK
942 _cLIBRO
949 _a581.69 G13 1987
_bBC
_cLIBRO
_d33724002239545
_eLIBRO
_h114714
_i112635
_si
999 _c100975
_d100975